Southville International School and Colleges
Your cart is empty.
  • Cart
  • Lists
    Public lists Eva Luna New books Lux_list list_1
    Your lists Log in to create your own lists
  • Log in to your account
  • Your cookies
  • Search history
Southville International School and Colleges
  • Advanced search
  • Recent comments
  • Most popular
  • Libraries

Log in to your account

Log in with GOOGLE


If you do not have an external account, but do have a local account, you can still log in:

  1. Home
  2. MARC view: Hemingway and Jake :
Normal view MARC view ISBD view

Hemingway and Jake : (Record no. 15313)

[ view plain ]
MARC details
000 -LEADER
fixed length control field 00957cam a2200313 4500
001 - CONTROL NUMBER
control field 3605915
003 - CONTROL NUMBER IDENTIFIER
control field OSt
005 - DATE AND TIME OF LATEST TRANSACTION
control field 20140310182719.0
008 - FIXED-LENGTH DATA ELEMENTS--GENERAL INFORMATION
fixed length control field 721219s1972 nyu 000 0beng
010 ## - LIBRARY OF CONGRESS CONTROL NUMBER
LC control number 72076180
040 ## - CATALOGING SOURCE
Original cataloging agency DLC
Transcribing agency DLC
Modifying agency DLC
050 00 - LIBRARY OF CONGRESS CALL NUMBER
Classification number PS 3515
Item number .K65 1972
082 00 - DEWEY DECIMAL CLASSIFICATION NUMBER
Classification number M 813
Item number K68 1972
100 1# - MAIN ENTRY--PERSONAL NAME
Personal name Klimo, Vernon.
245 10 - TITLE STATEMENT
Title Hemingway and Jake :
Remainder of title an extraordinary friendship
Statement of responsibility, etc Klimo, Vernon (Jake); Oursler, Will
260 ## - PUBLICATION, DISTRIBUTION, ETC. (IMPRINT)
Place of publication, distribution, etc New York :
Name of publisher, distributor, etc Popular Library,
Date of publication, distribution, etc c1972c
300 ## - PHYSICAL DESCRIPTION
Extent 223 p.
Dimensions 18 cm.
350 ## - PRICE (NR) (BK AM CF MU VM SE) [OBSOLETE]
Price $7.95
521 ## - TARGET AUDIENCE NOTE
Target audience note
526 ## - STUDY PROGRAM INFORMATION NOTE
Reading level 120L-1700L
541 ## - IMMEDIATE SOURCE OF ACQUISITION NOTE
-- 1
562 ## - COPY AND VERSION IDENTIFICATION NOTE
Number of copies 1
600 10 - SUBJECT ADDED ENTRY--PERSONAL NAME
Personal name Hemingway, Ernest,
Dates associated with a name 1899-1961
General subdivision Friends and associates.
650 #0 - SUBJECT ADDED ENTRY--TOPICAL TERM
Topical term or geographic name as entry element Authors, American
Chronological subdivision 20th century
General subdivision Biography.
650 #0 - SUBJECT ADDED ENTRY--TOPICAL TERM
Topical term or geographic name as entry element Journalists
Geographic subdivision United States
General subdivision Biography.
700 1# - ADDED ENTRY--PERSONAL NAME
Personal name Oursler, Will,
Dates associated with a name 1913-1985.
906 ## - LOCAL DATA ELEMENT F, LDF (RLIN)
a 7
b cbc
c orignew
d 2
e opcn
f 19
g y-gencatlg
942 ## - ADDED ENTRY ELEMENTS (KOHA)
Source of classification or shelving scheme Library of Congress Classification
Koha item type Books
Call number prefix
Holdings
Withdrawn status Lost status Source of classification or shelving scheme Damaged status Home library Current library Shelving location Date acquired Source of acquisition Total Checkouts Full call number Barcode Date last seen Copy number Price effective from Koha item type
    Library of Congress Classification   Archives Archives General Circulation Section 06/08/2013 Donation   PS 3515 .K65 1972 C2196 05/15/2018 1 11/14/2013 Books

Hemingway and Jake :

APA

Klimo V., Oursler W., . (1972). Hemingway and Jake. New York: Popular Library.

Chicago

Klimo Vernon, Oursler Will, . 1972. Hemingway and Jake. New York: Popular Library.

Harvard

Klimo V., Oursler W., . (1972). Hemingway and Jake. New York: Popular Library.

MLA

Klimo Vernon, Oursler Will, . Hemingway and Jake. New York: Popular Library. 1972.

  • Place hold
  • Print
  • Cite
  • Add to your cart (remove)
  • Save record
    BIBTEX Dublin Core MARCXML MARC (non-Unicode/MARC-8) MARC (Unicode/UTF-8) MARC (Unicode/UTF-8, Standard) MODS (XML) RIS
  • More searches
    Search for this title in:
    Other Libraries (WorldCat) Other Databases (Google Scholar) Online Stores (Bookfinder.com) Open Library (openlibrary.org)

Exporting to Dublin Core...

SOUTHVILLE LIBRARY

Southville International School and Colleges Library

1281 Tropical Ave. Cor. Luxembourg St., BF Homes International, Las Pinas City

Tel. No. 8256374 / 252358 Loc. 117/146

Powered by Koha